000 00427nam a2200181Ia 4500
001 10193
005 20260306161814.0
008 260306t2008||||xx |||||||||||||| ||spa||
041 _aESP
082 _a909
_bB65
100 _aBlumenberg, Hans
_eAUT
245 0 _aLa legitimación de la edad moderna
260 _c2008
300 _a603 pƔginas :
_c24 cm.
650 _aGEN
654 _aCHU
942 _cLIB
_dJUS
_fJUS
_2ddc
_n
999 _c10193
_d10193